Central Library OPAC University of Rajshahi

Plato's statesman : (Record no. 35951)

MARC details
000 -LEADER
fixed length control field 00775nam a22002295u 4500
001 - CONTROL NUMBER
control field 35951
003 - CONTROL NUMBER IDENTIFIER
rucl marc code BD-RjUL
005 - DATE AND TIME OF LATEST TRANSACTION
control field 20211209052416.0
008 - FIXED-LENGTH DATA ELEMENTS--GENERAL INFORMATION
fixed length control field 140612s1962 enk 000 0 eng d
035 ## - SYSTEM CONTROL NUMBER
System control number (BD-RjUL)36048
040 ## - CATALOGING SOURCE
Original cataloging agency UkOxU
Language of cataloging eng
Transcribing agency UkOxU
Modifying agency BD-RjUL
041 1# - LANGUAGE CODE
Language code of text/sound track or separate title eng
Language code of original und
082 ## - DEWEY DECIMAL CLASSIFICATION NUMBER
Classification number 321.07
Author mark and year SKP 1952
100 1# - MAIN ENTRY--PERSONAL NAME
Personal name Skemp, J. B.
Fuller form of name (Joseph Bright)
9 (RLIN) 109440
245 10 - TITLE STATEMENT
Title Plato's statesman :
Remainder of title A translation of the Politicus of Plato with introductory essays and footnote /
Statement of responsibility, etc. J. B. Skemp
260 ## - PUBLICATION, DISTRIBUTION, ETC. (IMPRINT)
Place of publication, distribution, etc. London :
Name of publisher, distributor, etc. Routledge and Kegan Paul,
Date of publication, distribution, etc. 1952.
300 ## - PHYSICAL DESCRIPTION
Pagination 244 p. ;
Size 22 cm
490 1# - SERIES STATEMENT
Series statement Rare masterpieces of philosophy and science
650 ## - SUBJECT ADDED ENTRY--TOPICAL TERM
Topical term or geographic name as entry element Plato Statesman
9 (RLIN) 109441
830 #0 - SERIES ADDED ENTRY--UNIFORM TITLE
Uniform title Rare masterpieces of philosophy and science
942 ## - ADDED ENTRY ELEMENTS (KOHA)
Source of classification or shelving scheme Dewey Decimal Classification
Koha item type Books
Holdings
Lost status Source of classification or shelving scheme Damaged status Not for loan Collection code Permanent Location Current Location Shelving location Date acquired Source of acquisition Cost, normal purchase price Total Checkouts Full call number Date last seen Copy number Koha item type
  Dewey Decimal Classification   Not For Loan Non-fiction Central Library, University of Rajshahi Central Library, University of Rajshahi Reading Room 20/02/1956 A. B. A. Cal 12.00   321.07 SKP 1952 12/06/2014 C-1 Books